[Event "EU-chT Seniors"]
[Site "Rogaska Slatina"]
[Date "2012.03.27"]
[Round "1.18"]
[White "Weinwurm, Wolfgang"]
[Black "Theting, Helge E"]
[Result "1-0"]
[WhiteElo "2172"]
[BlackElo "1980"]
[PlyCount "72"]
[EventDate "2012.03.27"]
[EventType "team-swiss"]
[EventRounds "9"]
[EventCountry "SLO"]
[SourceTitle "CBM 147 Extra"]
[Source "ChessBase"]
[SourceDate "2012.04.24"]
[SourceVersion "1"]
[SourceVersionDate "2012.04.24"]
[SourceQuality "1"]
[WhiteTeam "Niederoesterreich (Seniors)"]
[BlackTeam "Norway (Seniors) III"]
[WhiteTeamCountry "AUT"]
[BlackTeamCountry "NOR"]

1. e4 g6 2. d4 Bg7 3. Nc3 d6 4. Be3 Nd7 5. Qd2 e6 6. f4 Ne7 7. Nf3 b6 8. Bd3 Bb7 9. 0-0 Nf6 10. f5 exf5 11. exf5 Ng4 12. Rae1 0-0 13. Bg5 f6 14. Bf4 g5 15. Bg3 Qd7 16. Re6 Nh6 17. Bb5 Qd8 18. Nxg5 Nhxf5 19. Nh3 Kh8 20. Bc4 d5 21. Bb3 Bc8 22. Ree1 Nxg3 23. hxg3 c6 24. Nf4 Nf5 25. Qd3 Qd6 26. Nd1 a5 27. c3 Ba6 28. Qxf5 Bxf1 29. Rxf1 Qe7 30. Qh5 Qe4 31. Nf2 Qe8 32. Qf5 Qf7 33. Ng4 Rae8 34. Bc2 Qg8 35. Kh2 Re4 36. Bxe4 dxe4 1-0

[Event "EU-ch Seniors 11th"]
[Site "Courmayeur"]
[Date "2011.04.07"]
[Round "2"]
[White "D'Aulisa, Francesco"]
[Black "Theting, Helge E"]
[Result "0-1"]
[WhiteElo "1768"]
[BlackElo "2016"]
[PlyCount "70"]
[EventDate "2011.04.06"]
[EventType "swiss"]
[EventRounds "9"]
[EventCountry "ITA"]
[SourceTitle "CBM 141 Extra"]
[Source "ChessBase"]
[SourceDate "2011.05.03"]
[SourceVersion "1"]
[SourceVersionDate "2011.05.03"]
[SourceQuality "1"]

1. e4 g6 2. d4 Bg7 3. Be3 d6 4. Bd3 Nc6 5. a3 Bxd4 6. Bxd4 Nxd4 7. Bc4 e5 8. c3 Be6 9. Bd3 Nb3 10. Ra2 Qg5 11. g3 Nf6 12. h3 Qc1 13. c4 Qxd1+ 14. Kxd1 Nc5 15. Ke2 Nfxe4 16. Rh2 b5 17. Nd2 Nxd2 18. Kxd2 Nxd3 19. b3 bxc4 20. bxc4 Bxc4 21. Rc2 d5 22. Nf3 Ke7 23. Ne1 Nxe1 24. Kxe1 Rab8 25. Kd2 Rb3 26. Rc3 Rhb8 27. Rh1 Rxc3 28. Kxc3 Rb3+ 29. Kc2 Rxa3 30. Re1 Kd6 31. f4 e4 32. Rg1 d4 33. Kb2 Ra2+ 34. Kb1 Kd5 35. Rc1 Rf2 0-1

[Event "Kragero Grand Prix"]
[Site "Kragero"]
[Date "2010.08.20"]
[Round "1"]
[White "Theting, Helge E"]
[Black "Andersen, Dag"]
[Result "1-0"]
[WhiteElo "1896"]
[BlackElo "1703"]
[PlyCount "55"]
[EventDate "2010.08.20"]
[EventType "swiss"]
[EventRounds "5"]
[EventCountry "NOR"]
[SourceTitle "EXT 2024"]
[Source "ChessBase"]
[SourceDate "2023.10.10"]
[SourceVersion "1"]
[SourceVersionDate "2023.10.10"]
[SourceQuality "1"]

1. Nf3 Nf6 2. g3 e6 3. Bg2 c5 4. 0-0 Nc6 5. d3 d5 6. Nbd2 Be7 7. e4 Qc7 8. Re1 d4 9. e5 Nd5 10. Nf1 h6 11. Qe2 Bd7 12. h4 0-0-0 13. Bd2 Rdg8 14. c4 Nb6 15. a3 Kb8 16. b4 cxb4 17. axb4 g5 18. b5 Nd8 19. h5 f5 20. Nxd4 Bc5 21. Nb3 f4 22. g4 Be7 23. Ba5 Qc8 24. Qa2 Rf8 25. Bf3 Nf7 26. Bxb6 axb6 27. Qa7+ Kc7 28. c5 1-0